[Event "EUR-chT Seniors 65"]
[Site "Prague"]
[Date "2021.09.03"]
[Round "5.1"]
[White "Chevelevitch, Evgueni"]
[Black "Farago, Ivan"]
[Result "1/2-1/2"]
[WhiteElo "2386"]
[BlackElo "2323"]
[PlyCount "115"]
[EventDate "2021.08.30"]
[EventType "team-swiss"]
[EventRounds "9"]
[EventCountry "CZE"]
[SourceTitle "CBM 204 Extra"]
[Source "ChessBase"]
[SourceDate "2021.11.30"]
[SourceVersion "1"]
[SourceVersionDate "2021.11.30"]
[SourceQuality "1"]
[WhiteTeam "Germany 65"]
[BlackTeam "Hungary 65"]
[WhiteTeamCountry "GER"]
[BlackTeamCountry "HUN"]

1. e4 e6 2. d4 d5 3. e5 c5 4. c3 Qb6 5. Nf3 Nc6 6. Be2 Bd7 7. 0-0 cxd4 8. cxd4 Nge7 9. Nc3 Nf5 10. Na4 Qa5 11. Bd2 Bb4 12. Bxb4 Qxb4 13. a3 Qe7 14. Rc1 b6 15. Ba6 Rb8 16. Nc3 0-0 17. b4 Rbd8 18. Bb5 Rc8 19. Ba6 Rcd8 20. Qd2 f6 21. Ne2 fxe5 22. dxe5 Nh4 23. Nxh4 Qxh4 24. f4 Nb8 25. Bd3 Rc8 26. g3 Qe7 27. Nd4 a6 28. Rfe1 g6 29. h4 b5 30. Nb3 Bc6 31. Nd4 Qa7 32. Qf2 Bd7 33. Nb3 Qxf2+ 34. Kxf2 Kf7 35. Ke3 Ke7 36. Rc5 Rxc5 37. Nxc5 Rc8 38. Rh1 Be8 39. Rc1 Nd7 40. Kd4 Nb6 41. Rc3 Ra8 42. g4 Bd7 43. f5 gxf5 44. Nxd7 Kxd7 45. gxf5 Nc4 46. Bxc4 dxc4 47. f6 Rg8 48. a4 Kc6 49. Rf3 Rg4+ 50. Kc3 Rg8 51. axb5+ axb5 52. f7 Rf8 53. Kd4 Rd8+ 54. Ke4 Rf8 55. Rf1 Kc7 56. Kd4 Rd8+ 57. Ke4 Rf8 58. Kd4 1/2-1/2

[Event "EUR-chT Seniors 65"]
[Site "Prague"]
[Date "2021.08.31"]
[Round "2.1"]
[White "Farago, Ivan"]
[Black "Jansa, Vlastimil"]
[Result "1/2-1/2"]
[WhiteElo "2323"]
[BlackElo "2420"]
[PlyCount "49"]
[EventDate "2021.08.30"]
[EventType "team-swiss"]
[EventRounds "9"]
[EventCountry "CZE"]
[SourceTitle "CBM 204 Extra"]
[Source "ChessBase"]
[SourceDate "2021.11.30"]
[SourceVersion "1"]
[SourceVersionDate "2021.11.30"]
[SourceQuality "1"]
[WhiteTeam "Hungary 65"]
[BlackTeam "Lysa nad Labem 65"]
[WhiteTeamCountry "HUN"]
[BlackTeamCountry "CZE"]

1. d4 Nf6 2. c4 g6 3. Nc3 d5 4. Nf3 Bg7 5. Qb3 dxc4 6. Qxc4 0-0 7. e4 Bg4 8. Be3 Nfd7 9. Qb3 Nb6 10. Rd1 Nc6 11. d5 Ne5 12. Be2 Nxf3+ 13. gxf3 Bh5 14. 0-0 Qc8 15. Kg2 Kh8 16. f4 Bxe2 17. Nxe2 c6 18. f3 cxd5 19. Bxb6 axb6 20. Rxd5 Qc6 21. Rb5 Rxa2 22. Rc1 Qd7 23. Rd1 Qc6 24. Rc1 Qd7 25. Rd1 1/2-1/2

[Event "EUR-chT Seniors 65"]
[Site "Prague"]
[Date "2021.08.30"]
[Round "1.1"]
[White "Mozna Hojdarova, Eva"]
[Black "Farago, Ivan"]
[Result "0-1"]
[WhiteElo "1905"]
[BlackElo "2323"]
[PlyCount "32"]
[EventDate "2021.08.30"]
[EventType "team-swiss"]
[EventRounds "9"]
[EventCountry "CZE"]
[SourceTitle "CBM 204 Extra"]
[Source "ChessBase"]
[SourceDate "2021.11.30"]
[SourceVersion "1"]
[SourceVersionDate "2021.11.30"]
[SourceQuality "1"]
[WhiteTeam "Czech Republic (Women) 65"]
[BlackTeam "Hungary 65"]
[WhiteTeamCountry "CZE"]
[BlackTeamCountry "HUN"]

1. d4 Nf6 2. Nf3 e6 3. g3 c5 4. Bg2 Qb6 5. 0-0 Nc6 6. c3 d5 7. e3 Bd6 8. Nbd2 0-0 9. Qe2 e5 10. dxe5 Nxe5 11. Nxe5 Bxe5 12. e4 Bg4 13. f3 Bd7 14. exd5 Rfe8 15. Qf2 Bb5 16. c4 Bd4 0-1

[Event "Budapest Aranytiz IM"]
[Site "Budapest"]
[Date "2021.07.26"]
[Round "7"]
[White "Cu Hor, Winston Darwin"]
[Black "Farago, Ivan"]
[Result "1-0"]
[WhiteElo "2333"]
[BlackElo "2318"]
[PlyCount "75"]
[EventDate "2021.07.20"]
[EventType "tourn"]
[EventRounds "9"]
[EventCountry "HUN"]
[EventCategory "3"]
[SourceTitle "CBM 203 Extra"]
[Source "ChessBase"]
[SourceDate "2021.09.30"]
[SourceVersion "1"]
[SourceVersionDate "2021.09.30"]
[SourceQuality "1"]

1. Nf3 d5 2. c4 d4 3. b4 Bg4 4. d3 Bxf3 5. exf3 e6 6. a3 a5 7. b5 Nd7 8. g3 Nc5 9. Bg2 Qf6 10. a4 Qf5 11. Ra3 Nd7 12. 0-0 Bxa3 13. Bxa3 Ngf6 14. f4 Nc5 15. Bxc5 Qxc5 16. Bxb7 Rd8 17. Bc6+ Nd7 18. Qe1 0-0 19. Qxa5 Nb6 20. Qa7 Qd6 21. a5 Nc8 22. Qb7 Ne7 23. Bg2 Qc5 24. Nd2 Qb4 25. Qxc7 Rc8 26. Qb7 Nf5 27. Nf3 Qxa5 28. g4 Nd6 29. Qe7 Qb6 30. Ne5 Rfe8 31. Qh4 f6 32. Nc6 Qc5 33. Ra1 Rc7 34. Qh5 f5 35. gxf5 Rf8 36. Qe2 Nxf5 37. Qxe6+ Kh8 38. Qe5 1-0

[Event "Budapest Vezerkepzo GM 5th"]
[Site "Budapest"]
[Date "2021.05.31"]
[Round "9"]
[White "Borhy, Marcell Boldizsar"]
[Black "Farago, Ivan"]
[Result "1-0"]
[WhiteElo "2384"]
[BlackElo "2340"]
[PlyCount "39"]
[EventDate "2021.05.22"]
[EventType "tourn"]
[EventRounds "9"]
[EventCountry "HUN"]
[EventCategory "6"]
[SourceTitle "CBM 202 Extra"]
[Source "ChessBase"]
[SourceDate "2021.07.31"]
[SourceVersion "1"]
[SourceVersionDate "2021.07.31"]
[SourceQuality "1"]

1. c4 Nf6 2. Nf3 e6 3. g3 d5 4. Bg2 dxc4 5. Qa4+ Nbd7 6. Qxc4 a6 7. Qc2 c5 8. Nc3 Rb8 9. d4 Bd6 10. 0-0 0-0 11. dxc5 Nxc5 12. Rd1 b5 13. Bf4 Rb6 14. b4 Na4 15. Nxa4 bxa4 16. e4 e5 17. Bxe5 Ng4 18. Bd4 Rxb4 19. h3 Nh6 20. Bc5 1-0

[Event "Budapest Vezerkepzo GM 5th"]
[Site "Budapest"]
[Date "2021.05.27"]
[Round "6"]
[White "Farago, Ivan"]
[Black "Varga, Zoltan"]
[Result "1/2-1/2"]
[WhiteElo "2340"]
[BlackElo "2441"]
[PlyCount "28"]
[EventDate "2021.05.22"]
[EventType "tourn"]
[EventRounds "9"]
[EventCountry "HUN"]
[EventCategory "6"]
[SourceTitle "CBM 202 Extra"]
[Source "ChessBase"]
[SourceDate "2021.07.31"]
[SourceVersion "1"]
[SourceVersionDate "2021.07.31"]
[SourceQuality "1"]

1. e4 e6 2. d4 d5 3. Nd2 Nf6 4. e5 Nfd7 5. Bd3 c5 6. c3 Nc6 7. Ne2 cxd4 8. cxd4 f6 9. exf6 Nxf6 10. Nf3 Qb6 11. 0-0 Bd6 12. Bf4 Bxf4 13. Nxf4 Qxb2 14. Rb1 Qa3 1/2-1/2

[Event "Budapest Vezerkepzo GM 5th"]
[Site "Budapest"]
[Date "2021.05.25"]
[Round "4"]
[White "Farago, Ivan"]
[Black "Gombocz, Ferenc Jr"]
[Result "1-0"]
[WhiteElo "2340"]
[BlackElo "2275"]
[PlyCount "83"]
[EventDate "2021.05.22"]
[EventType "tourn"]
[EventRounds "9"]
[EventCountry "HUN"]
[EventCategory "6"]
[SourceTitle "CBM 202 Extra"]
[Source "ChessBase"]
[SourceDate "2021.07.31"]
[SourceVersion "1"]
[SourceVersionDate "2021.07.31"]
[SourceQuality "1"]

1. d4 d5 2. c4 c6 3. Nf3 Nf6 4. Nc3 a6 5. Qc2 g6 6. Bg5 Bg7 7. cxd5 Nxd5 8. e4 Nc7 9. Be3 0-0 10. Bc4 Nd7 11. 0-0 e5 12. d5 cxd5 13. Nxd5 Ne6 14. Rfd1 Qe8 15. Bb3 h6 16. Rac1 Kh7 17. Nc7 Nxc7 18. Qxc7 f5 19. Bd5 Nf6 20. Bxb7 Bxb7 21. Qxb7 Rb8 22. Qxa6 fxe4 23. Nd2 Rxb2 24. Nc4 Rb8 25. Nb6 Qe6 26. h3 Ra8 27. Qxa8 Rxa8 28. Nxa8 Qxa2 29. Nb6 g5 30. Rc7 g4 31. Nd7 Nh5 32. hxg4 Qe2 33. Rd6 Qxg4 34. Nf8+ Kg8 35. Ne6 Bf6 36. Rb6 Qd1+ 37. Kh2 Ng7 38. Rb8+ Kh7 39. Nf8+ Kg8 40. Nd7+ Kf7 41. Rf8+ Ke7 42. Bc5+ 1-0

[Event "Budapest Vezerkepzo GM 5th"]
[Site "Budapest"]
[Date "2021.05.23"]
[Round "2"]
[White "Farago, Ivan"]
[Black "Manish, Anto Cristiano F"]
[Result "1/2-1/2"]
[WhiteElo "2340"]
[BlackElo "2340"]
[PlyCount "51"]
[EventDate "2021.05.22"]
[EventType "tourn"]
[EventRounds "9"]
[EventCountry "HUN"]
[EventCategory "6"]
[SourceTitle "CBM 202 Extra"]
[Source "ChessBase"]
[SourceDate "2021.07.31"]
[SourceVersion "1"]
[SourceVersionDate "2021.07.31"]
[SourceQuality "1"]

1. d4 Nf6 2. c4 e6 3. Nf3 d5 4. Nc3 c6 5. e3 Nbd7 6. Qc2 Bd6 7. Bd3 0-0 8. 0-0 dxc4 9. Bxc4 b5 10. Be2 Bb7 11. e4 e5 12. dxe5 Nxe5 13. Nd4 Neg4 14. g3 g6 15. Bg5 h6 16. Bxf6 Nxf6 17. Rad1 Qe7 18. Qd2 Rad8 19. Qxh6 Be5 20. Nf5 gxf5 21. Qg5+ Kh8 22. Qh4+ Kg7 23. Qg5+ Kh7 24. Qh4+ Kg7 25. Qg5+ Kh7 26. Qh4+ 1/2-1/2

[Event "Budapest Aranytiz IM"]
[Site "Budapest"]
[Date "2020.08.27"]
[Round "7"]
[White "Bodi, Tibor"]
[Black "Farago, Ivan"]
[Result "1/2-1/2"]
[WhiteElo "2346"]
[BlackElo "2348"]
[PlyCount "154"]
[EventDate "2020.08.21"]
[EventType "tourn"]
[EventRounds "9"]
[EventCountry "HUN"]
[EventCategory "2"]
[SourceTitle "CBM 198 Extra"]
[Source "ChessBase"]
[SourceDate "2020.11.30"]
[SourceVersion "1"]
[SourceVersionDate "2020.11.30"]
[SourceQuality "1"]

1. Nf3 d5 2. g3 c6 3. Bg2 Bg4 4. 0-0 Nf6 5. h3 Bh5 6. d4 e6 7. c4 Be7 8. Ne5 0-0 9. Nd2 Nbd7 10. g4 Bg6 11. Nxg6 hxg6 12. e4 Nxe4 13. Nxe4 dxe4 14. Bxe4 Qc7 15. Be3 Rad8 16. Qc2 Bd6 17. Rad1 Bf4 18. Bg2 g5 19. b4 Nf6 20. Rfe1 Rfe8 21. Qc1 Re7 22. Bxf4 Qxf4 23. Qxf4 gxf4 24. g5 Nh7 25. h4 Nf8 26. Re4 Red7 27. Bh3 Rd6 28. Kf1 f3 29. Bg4 e5 30. Bxf3 exd4 31. c5 Rd5 32. Re7 R5d7 33. Rxd7 Rxd7 34. Bg4 Rd8 35. h5 g6 36. Re1 gxh5 37. Bxh5 d3 38. Re7 d2 39. Bd1 Ng6 40. Re4 Kf8 41. Ke2 f6 42. gxf6 Kf7 43. Bb3+ Kxf6 44. Re6+ Kf5 45. Kd1 Ne5 46. Rd6 Rxd6 47. cxd6 Nd7 48. Bf7 Ke5 49. Be8 Kxd6 50. Bxd7 Kxd7 51. Kxd2 c5 52. bxc5 Kc6 53. Ke3 Kxc5 54. Ke4 b5 55. Ke5 a5 56. f4 b4 57. f5 Kc6 58. Ke6 a4 59. f6 b3 60. axb3 a3 61. f7 a2 62. f8Q a1Q 63. Qd6+ Kb5 64. Qb8+ Kc6 65. Qe8+ Kc5 66. Qe7+ Kc6 67. Qd7+ Kb6 68. Qd8+ Kc6 69. Qd5+ Kb6 70. Qd8+ Kc6 71. Qc8+ Kb6 72. Qb8+ Kc6 73. Qb4 Qf1 74. Qe4+ Kc5 75. b4+ Kb5 76. Qf5+ Qxf5+ 77. Kxf5 Kxb4 1/2-1/2

[Event "Budapest Aranytiz IM"]
[Site "Budapest"]
[Date "2020.08.26"]
[Round "6"]
[White "Farago, Ivan"]
[Black "Geher, Koppany"]
[Result "1/2-1/2"]
[WhiteElo "2348"]
[BlackElo "2326"]
[PlyCount "86"]
[EventDate "2020.08.21"]
[EventType "tourn"]
[EventRounds "9"]
[EventCountry "HUN"]
[EventCategory "2"]
[SourceTitle "CBM 198 Extra"]
[Source "ChessBase"]
[SourceDate "2020.11.30"]
[SourceVersion "1"]
[SourceVersionDate "2020.11.30"]
[SourceQuality "1"]

1. d4 d5 2. c4 dxc4 3. e3 Nf6 4. Bxc4 e6 5. Nf3 c5 6. 0-0 a6 7. Nc3 b5 8. Be2 Bb7 9. dxc5 Bxc5 10. Qxd8+ Kxd8 11. Nd2 Ke7 12. Nb3 Bd6 13. f3 Nbd7 14. e4 Rac8 15. Be3 Rc7 16. Rfc1 Rhc8 17. Na5 Bc5 18. Bxc5+ Nxc5 19. a3 Ba8 20. Bxb5 Ncxe4 21. Bxa6 Nxc3 22. bxc3 Rb8 23. Bf1 Rc5 24. Nc4 Nd5 25. Rab1 Rxb1 26. Rxb1 Nxc3 27. Rb3 Na4 28. Rb4 Bc6 29. Kf2 Nc3 30. Ne3 Nd5 31. Rc4 Kd6 32. Rxc5 Kxc5 33. Nxd5 exd5 34. Ke3 g5 35. Bd3 h6 36. Kd2 h5 37. Bc2 h4 38. a4 d4 39. Bd1 f5 40. a5 g4 41. fxg4 fxg4 42. Bxg4 Bxg2 43. Be2 Be4 1/2-1/2

[Event "Budapest Aranytiz IM"]
[Site "Budapest"]
[Date "2020.08.24"]
[Round "4"]
[White "Farago, Ivan"]
[Black "Lyell, Mark"]
[Result "0-1"]
[WhiteElo "2348"]
[BlackElo "2302"]
[PlyCount "82"]
[EventDate "2020.08.21"]
[EventType "tourn"]
[EventRounds "9"]
[EventCountry "HUN"]
[EventCategory "2"]
[SourceTitle "CBM 198 Extra"]
[Source "ChessBase"]
[SourceDate "2020.11.30"]
[SourceVersion "1"]
[SourceVersionDate "2020.11.30"]
[SourceQuality "1"]

1. d4 f5 2. c4 Nf6 3. g3 e6 4. Bg2 d5 5. Nf3 Bd6 6. c5 Be7 7. 0-0 b6 8. b4 a5 9. cxb6 axb4 10. bxc7 Qxc7 11. Bf4 Qb6 12. Nbd2 0-0 13. Qb3 Nc6 14. e3 Na5 15. Qc2 Ba6 16. Bc7 Qb7 17. Rfc1 Nc4 18. Nxc4 Bxc4 19. Bf4 Rfc8 20. Qb2 Qa6 21. Nd2 Ne4 22. Nxe4 fxe4 23. f3 exf3 24. Bxf3 Qa3 25. Qd2 b3 26. axb3 Qxa1 27. bxc4 Qa3 28. c5 Qa2 29. Rc2 Qb1+ 30. Kg2 Ra1 31. Kh3 g5 32. Be5 Rf8 33. Bg4 h5 34. Bxh5 Qf1+ 35. Qg2 Qf5+ 36. g4 Qd3 37. Bg3 Qxe3 38. Re2 Qxd4 39. Rxe6 Bxc5 40. Qc2 Rf6 41. Rxf6 Qxf6 0-1

[Event "Budapest Aranytiz IM"]
[Site "Budapest"]
[Date "2020.08.23"]
[Round "3"]
[White "Farago, Ivan"]
[Black "Nemeth, Zoltan"]
[Result "1-0"]
[WhiteElo "2348"]
[BlackElo "2210"]
[PlyCount "103"]
[EventDate "2020.08.21"]
[EventType "tourn"]
[EventRounds "9"]
[EventCountry "HUN"]
[EventCategory "2"]
[SourceTitle "CBM 198 Extra"]
[Source "ChessBase"]
[SourceDate "2020.11.30"]
[SourceVersion "1"]
[SourceVersionDate "2020.11.30"]
[SourceQuality "1"]

1. d4 d5 2. c4 dxc4 3. e3 e5 4. Bxc4 exd4 5. exd4 Bd6 6. Nf3 Nf6 7. 0-0 0-0 8. Bg5 Bg4 9. Nbd2 Nc6 10. h3 Bh5 11. Ne4 Bxf3 12. Qxf3 Be7 13. Ng3 Qxd4 14. b3 Ne5 15. Qxb7 Nxc4 16. Nf5 Qc5 17. Nxe7+ Qxe7 18. bxc4 Qe4 19. Qxc7 Rfc8 20. Qg3 Ne8 21. Rfe1 Qxc4 22. Re7 Qd5 23. Bh6 Qd4 24. Rae1 Qf6 25. Qg4 Nc7 26. Bg5 Qg6 27. Qf3 Ne6 28. Be3 a6 29. Rd1 Rf8 30. Rdd7 Rae8 31. Rxe8 Rxe8 32. Qb7 Nf8 33. Rc7 Qe6 34. a4 Rd8 35. Re7 Qc4 36. a5 h6 37. Rc7 Qe6 38. Re7 Qc4 39. Rc7 Qe6 40. Rc1 Ng6 41. Bb6 Re8 42. Qxa6 Nf4 43. Kh2 Qe4 44. Qf1 Re6 45. Rc4 Qf5 46. g4 Qd5 47. Rxf4 Qd6 48. Qc1 g5 49. Bc7 Qd5 50. Rf5 Qb7 51. Bg3 Qe7 52. Qc7 1-0

[Event "Budapest Aranytiz IM"]
[Site "Budapest"]
[Date "2020.08.21"]
[Round "1"]
[White "Farago, Ivan"]
[Black "Zentai, Peter1111"]
[Result "1/2-1/2"]
[WhiteElo "2348"]
[BlackElo "2304"]
[PlyCount "97"]
[EventDate "2020.08.21"]
[EventType "tourn"]
[EventRounds "9"]
[EventCountry "HUN"]
[EventCategory "2"]
[SourceTitle "CBM 198 Extra"]
[Source "ChessBase"]
[SourceDate "2020.11.30"]
[SourceVersion "1"]
[SourceVersionDate "2020.11.30"]
[SourceQuality "1"]

1. d4 d5 2. c4 dxc4 3. e3 e5 4. Bxc4 exd4 5. exd4 Bd6 6. Nf3 Nf6 7. 0-0 0-0 8. Nc3 Nc6 9. Bg5 h6 10. Bh4 Bg4 11. h3 Bxf3 12. Qxf3 Nxd4 13. Qxb7 Rb8 14. Qxa7 Ra8 15. Bxf6 Qxf6 16. Qb7 Qf4 17. g3 Nf3+ 18. Kh1 Qf5 19. Kg2 Nd2 20. Qd5 Qc2 21. Rfc1 Qxb2 22. Nd1 Qb4 23. a3 Qa5 24. Bb5 Rfd8 25. Bc6 Qxd5+ 26. Bxd5 Ra5 27. Ne3 Bc5 28. Nc4 Nxc4 29. Bxc4 Rxa3 30. Rxa3 Bxa3 31. Rc3 Bb2 32. Rd3 Bd4 33. Rf3 Rd7 34. Rf5 c5 35. Rd5 Rb7 36. Rd8+ Kh7 37. Ra8 Rc7 38. Rb8 g6 39. Bd5 Rd7 40. Bc4 Kg7 41. Ra8 Rb7 42. Bd5 Rb6 43. Ra7 Rf6 44. f3 Rf5 45. Bc4 h5 46. h4 Rf6 47. Rb7 Rf5 48. Ra7 Rf6 49. Rb7 1/2-1/2

[Event "Budapest Aranytiz GM"]
[Site "Budapest"]
[Date "2019.08.22"]
[Round "6"]
[White "Farago, Ivan"]
[Black "Secheres, Adrian Simion"]
[Result "1/2-1/2"]
[WhiteElo "2350"]
[BlackElo "2394"]
[PlyCount "39"]
[EventDate "2019.08.16"]
[EventType "tourn"]
[EventRounds "9"]
[EventCountry "HUN"]
[EventCategory "8"]
[SourceTitle "EXT 2020"]
[Source "ChessBase"]
[SourceDate "2019.10.17"]
[SourceVersion "1"]
[SourceVersionDate "2019.10.17"]
[SourceQuality "1"]

1. d4 Nf6 2. c4 g6 3. Nc3 Bg7 4. e4 d6 5. Be2 0-0 6. Bg5 c5 7. d5 h6 8. Bf4 e6 9. dxe6 Bxe6 10. Bxd6 Re8 11. Nf3 Qb6 12. Bxb8 Raxb8 13. Qc2 Nh5 14. g3 Bh3 15. 0-0-0 Bxc3 16. Qxc3 Rxe4 17. Rhe1 Rbe8 18. Bd3 Rxe1 19. Rxe1 Rd8 20. Ne5 1/2-1/2

[Event "Budapest FS08 IM"]
[Site "Budapest"]
[Date "2019.08.12"]
[Round "8"]
[White "Lyell, Mark"]
[Black "Farago, Ivan"]
[Result "1/2-1/2"]
[WhiteElo "2185"]
[BlackElo "2350"]
[PlyCount "86"]
[EventDate "2019.08.03"]
[EventType "swiss"]
[EventRounds "9"]
[EventCountry "HUN"]
[SourceTitle "CBM 191 Extra"]
[Source "ChessBase"]
[SourceDate "2019.09.30"]
[SourceVersion "1"]
[SourceVersionDate "2019.09.30"]
[SourceQuality "1"]

1. e4 e6 2. d4 d5 3. e5 c5 4. c3 Qb6 5. Nf3 Nc6 6. Be2 cxd4 7. cxd4 Nge7 8. Na3 Nf5 9. Nc2 Bd7 10. 0-0 Rc8 11. Bd3 Nb4 12. Nxb4 Bxb4 13. Bxf5 exf5 14. Bd2 Be7 15. Bc3 0-0 16. Qd2 Rc4 17. Rfe1 Be6 18. Rac1 Rfc8 19. h4 h6 20. Rc2 Qd8 21. h5 b5 22. b3 R4c6 23. Rcc1 Bg5 24. Nxg5 Qxg5 25. Qxg5 hxg5 26. Bd2 f4 27. Rxc6 Rxc6 28. Rc1 Rxc1+ 29. Bxc1 Bg4 30. g3 fxg3 31. fxg3 f6 32. h6 gxh6 33. exf6 Kf7 34. Ba3 Kxf6 35. Bc5 a6 36. a4 Kf5 37. axb5 axb5 38. Kf2 Ke4 39. b4 h5 40. Bb6 Bd1 41. Bc5 Kf5 42. Bd6 Kg4 43. Bc7 Bc2 1/2-1/2

[Event "Budapest FS08 IM"]
[Site "Budapest"]
[Date "2019.08.09"]
[Round "6"]
[White "Leszko, Bence"]
[Black "Farago, Ivan"]
[Result "0-1"]
[WhiteElo "2230"]
[BlackElo "2350"]
[PlyCount "76"]
[EventDate "2019.08.03"]
[EventType "swiss"]
[EventRounds "9"]
[EventCountry "HUN"]
[SourceTitle "CBM 191 Extra"]
[Source "ChessBase"]
[SourceDate "2019.09.30"]
[SourceVersion "1"]
[SourceVersionDate "2019.09.30"]
[SourceQuality "1"]

1. e4 c5 2. Nf3 e6 3. b3 b6 4. Bb2 Bb7 5. Bd3 d6 6. 0-0 Nd7 7. c3 Ngf6 8. Re1 g6 9. Bc2 Bg7 10. d4 0-0 11. Nbd2 Qc7 12. Rc1 Rac8 13. Bb1 Rfe8 14. Qe2 Qb8 15. c4 cxd4 16. Bxd4 Nc5 17. b4 Ncd7 18. a3 Bc6 19. Bb2 d5 20. exd5 exd5 21. Qd3 Rxe1+ 22. Nxe1 Ng4 23. Qh3 Bxb2 24. Rc2 Qf4 25. Nd3 Qd4 26. Nb3 Qe4 27. cxd5 Bb7 28. Rxb2 Bxd5 29. Nd2 Qd4 30. Rc2 Rxc2 31. Bxc2 Nxf2 32. Nxf2 Qxd2 33. Qd3 Qg5 34. Ne4 Qc1+ 35. Kf2 Bxe4 36. Qxe4 Qxa3 37. Qe8+ Nf8 38. b5 Qc5+ 0-1

[Event "Budapest FS08 IM"]
[Site "Budapest"]
[Date "2019.08.03"]
[Round "1"]
[White "Boricha, Ketan"]
[Black "Farago, Ivan"]
[Result "0-1"]
[WhiteElo "2108"]
[BlackElo "2350"]
[PlyCount "50"]
[EventDate "2019.08.03"]
[EventType "swiss"]
[EventRounds "9"]
[EventCountry "HUN"]
[SourceTitle "CBM 191 Extra"]
[Source "ChessBase"]
[SourceDate "2019.09.30"]
[SourceVersion "1"]
[SourceVersionDate "2019.09.30"]
[SourceQuality "1"]

1. e4 e6 2. d4 d5 3. Nc3 Bb4 4. exd5 exd5 5. Bd3 Nc6 6. a3 Ba5 7. Be3 Nf6 8. Qf3 0-0 9. h3 Ne4 10. Nge2 Nxc3 11. bxc3 Be6 12. Qh5 g6 13. Qh6 Qf6 14. Bg5 Qg7 15. Qh4 Rfe8 16. 0-0 Nb8 17. Bf6 Qf8 18. f4 Nd7 19. f5 Bxf5 20. Rxf5 Rxe2 21. Qxh7+ Kxh7 22. Rh5+ Qh6 23. Rxh6+ Kxh6 24. Bxe2 Nxf6 25. c4 Re8 0-1

[Event "HUN-ch rapid"]
[Site "Ajka"]
[Date "2019.07.21"]
[Round "11"]
[White "Farago, Ivan"]
[Black "Hardicsay, Peter"]
[Result "1/2-1/2"]
[WhiteElo "2350"]
[BlackElo "2185"]
[PlyCount "75"]
[EventDate "2019.07.19"]
[EventType "swiss (rapid)"]
[EventRounds "13"]
[EventCountry "HUN"]
[SourceTitle "CBM 191 Extra"]
[Source "ChessBase"]
[SourceDate "2019.09.30"]
[SourceVersion "1"]
[SourceVersionDate "2019.09.30"]
[SourceQuality "1"]

1. d4 d5 2. c4 dxc4 3. e3 e5 4. Bxc4 exd4 5. exd4 Bd6 6. Nf3 Nf6 7. Qe2+ Qe7 8. Qxe7+ Bxe7 9. 0-0 0-0 10. Nc3 a6 11. Bg5 h6 12. Bh4 Nbd7 13. Rfe1 Bd6 14. Ne5 b5 15. Bd5 Nxd5 16. Nxd5 Nb6 17. Nxb6 cxb6 18. Nc6 Be6 19. Bg3 Rfc8 20. Rac1 Bf8 21. a3 Bd5 22. Nb4 Bxb4 23. axb4 Rc4 24. Rxc4 bxc4 25. Bc7 b5 26. f3 Bc6 27. Re5 Rc8 28. Ba5 Bd7 29. d5 Re8 30. Re4 f6 31. Kf2 Kf7 32. Ke3 Rc8 33. Kd4 c3 34. bxc3 Rc4+ 35. Ke3 Rxc3+ 36. Kd2 Rc8 37. Re3 Rc4 38. Rd3 1/2-1/2

[Event "HUN-ch rapid"]
[Site "Ajka"]
[Date "2019.07.20"]
[Round "7"]
[White "Gelle, Istvan"]
[Black "Farago, Ivan"]
[Result "1-0"]
[WhiteElo "2325"]
[BlackElo "2350"]
[PlyCount "59"]
[EventDate "2019.07.19"]
[EventType "swiss (rapid)"]
[EventRounds "13"]
[EventCountry "HUN"]
[SourceTitle "CBM 191 Extra"]
[Source "ChessBase"]
[SourceDate "2019.09.30"]
[SourceVersion "1"]
[SourceVersionDate "2019.09.30"]
[SourceQuality "1"]

1. d4 Nf6 2. Bf4 e6 3. e3 c5 4. c3 b6 5. Nd2 Bb7 6. Ngf3 Be7 7. h3 0-0 8. Be2 d6 9. 0-0 Nbd7 10. a4 a6 11. Bh2 Re8 12. Qb3 Bf8 13. Rfd1 Qc7 14. Nc4 Ne4 15. Bd3 f5 16. Bxe4 fxe4 17. Nfd2 Bd5 18. dxc5 Qxc5 19. Qb4 Qxb4 20. cxb4 Bxc4 21. Nxc4 d5 22. Nd6 Bxd6 23. Bxd6 Rec8 24. Rac1 b5 25. a5 Kf7 26. Kf1 Ke8 27. Ke2 Kd8 28. b3 Rxc1 29. Rxc1 Rc8 30. Be7+ 1-0

[Event "HUN-chT 1819"]
[Site "Hungary"]
[Date "2019.04.28"]
[Round "9.2"]
[White "Kantor, Gergely"]
[Black "Farago, Ivan"]
[Result "1-0"]
[WhiteElo "2501"]
[BlackElo "2354"]
[PlyCount "77"]
[EventDate "2018.11.17"]
[EventType "team-tourn"]
[EventRounds "9"]
[EventCountry "HUN"]
[SourceTitle "CBM 190 Extra"]
[Source "ChessBase"]
[SourceDate "2019.07.15"]
[SourceVersion "1"]
[SourceVersionDate "2019.07.15"]
[SourceQuality "1"]
[WhiteTeam "Aquaprofit"]
[BlackTeam "Dunaharaszti"]
[WhiteTeamCountry "HUN"]
[BlackTeamCountry "HUN"]

1. d4 Nf6 2. c4 e6 3. g3 d5 4. Bg2 dxc4 5. Nf3 Nc6 6. Qa4 Bb4+ 7. Bd2 Bd6 8. Ne5 0-0 9. Nxc6 bxc6 10. 0-0 Rb8 11. Na3 Bd7 12. Nxc4 c5 13. Qxa7 Nd5 14. Nxd6 cxd6 15. dxc5 Ra8 16. Qb7 Rb8 17. Qa6 dxc5 18. Qa3 Qb6 19. b3 Bb5 20. Rfc1 Rfc8 21. Bf3 h6 22. Rc2 Ra8 23. Qb2 Qa6 24. Rac1 f6 25. Be1 Be8 26. e4 Ne7 27. e5 Bc6 28. Be2 Bb5 29. Bxb5 Qxb5 30. exf6 Nf5 31. Bc3 Qd3 32. Rd2 Qf3 33. Rd7 Rd8 34. f7+ Kf8 35. Qd2 Rxd7 36. Qxd7 Nh4 37. Qd6+ Kxf7 38. gxh4 Qg4+ 39. Qg3 1-0

[Event "Karlsruhe Grenke op"]
[Site "Karlsruhe"]
[Date "2019.04.19"]
[Round "3"]
[White "Farago, Ivan"]
[Black "Bosiocic, Marin"]
[Result "1/2-1/2"]
[WhiteElo "2367"]
[BlackElo "2613"]
[PlyCount "70"]
[EventDate "2019.04.18"]
[EventType "swiss"]
[EventRounds "9"]
[EventCountry "GER"]
[SourceTitle "CBM 189 Extra"]
[Source "ChessBase"]
[SourceDate "2019.06.03"]
[SourceVersion "1"]
[SourceVersionDate "2019.06.03"]
[SourceQuality "1"]

1. d4 Nf6 2. c4 e6 3. Nf3 d5 4. Nc3 a6 5. cxd5 exd5 6. Bg5 Be6 7. e3 Nbd7 8. Bd3 c6 9. 0-0 Bd6 10. Qc2 h6 11. Bf4 Qc7 12. Bxd6 Qxd6 13. b4 0-0 14. Rab1 b6 15. Rfc1 a5 16. a3 axb4 17. axb4 Ra3 18. Rb3 Rxb3 19. Qxb3 Ra8 20. h3 b5 21. Rc2 Ra1+ 22. Bf1 Nb6 23. Ra2 Rxa2 24. Nxa2 Nc4 25. Nc1 Bf5 26. Qc3 Ne4 27. Qe1 Qb8 28. Nb3 Qa8 29. Na5 f6 30. Bd3 Ned6 31. Bxf5 Nxf5 32. e4 Nfd6 33. exd5 cxd5 34. Qe6+ Kh7 35. Nxc4 Nxc4 1/2-1/2